Normal view MARC view
  • MICROSOFT OFFICE XP. MICROSOFT-PUBLISHER; MICROSOFT INTERNET EXPLORER; MICROSOFT OUTLOOK; MICROSOFT ACCESS; MICROSOFT POWER POINT; MICROSOFT EXCEL; MICROSOFT WORD; MICROSOFT OFFICE XP

Entry Topical Term

Number of records used in: 1

001 - CONTROL NUMBER

  • control field: 61149

003 - CONTROL NUMBER IDENTIFIER

  • control field: NUST

005 - DATE AND TIME OF LATEST TRANSACTION

  • control field: 20210628202710.0

008 - FIXED-LENGTH DATA ELEMENTS

  • fixed length control field: 210628|| aca||aabn | a|a d

040 ## - CATALOGING SOURCE

  • Original cataloging agency: NUST
  • Transcribing agency: NUST

150 ## - HEADING--TOPICAL TERM

  • Topical term or geographic name entry element: MICROSOFT OFFICE XP. MICROSOFT-PUBLISHER; MICROSOFT INTERNET EXPLORER; MICROSOFT OUTLOOK; MICROSOFT ACCESS; MICROSOFT POWER POINT; MICROSOFT EXCEL; MICROSOFT WORD; MICROSOFT OFFICE XP

670 ## - SOURCE DATA FOUND

  • Source citation: Work cat.: (NUST): Nelson, Stephen.L Kelly, Julia 61148, The complete reference office xp, 2001
© 2023 Central Library, National University of Sciences and Technology. All Rights Reserved.